000 01081nam a2200301 4500
001 0000017716
003 CO-CtgCURN
005 20250512230642.0
007 ta
008 160627s1998 000 0 eng d
020 _a9586901319
040 _aCO-CtgCURN
_bspa
_ccoctgcurn
082 0 _a344.01
_bI71d
100 1 _aIsaza Cadavid, German.
245 1 0 _aDerecho laboral aplicado /
_cGerman Isaza Cadavid.
250 _a3a ed.
260 _aBogotá :
_bGrupo Editorial Leyer,
_c1998.
300 _a749 p.
336 _2rdacontent
337 _2rdamedia
_asin mediacion
_bn
338 _2rdacarrier
_avolumen
_bnc
500 _aIncluye indice.
505 8 _aEl trabajo y el derecho laboral.--Los reglamentos de trabajo.--Derecho laboral individual.--Regimen salarial.--El menor trabajador.--Derecho laboral colectivo.--Regimen de seguridad social y pensiones.--Derecho procesal laboral
650 1 4 _aDerecho laboral
_zColombia.
908 _a160627
942 _cBK
_h344.01
_iI71d
_2ddc
_n0
999 _c19598
_d19598